Les noms d'oiseaux par lettres -U,X,Y,Z - Statistiques

Statistiques générales
  • Ce quiz a été pris 37 fois
  • Le résultat moyen est 2 sur 10
Statistiques - réponses
Par images Réponse % Correct
Urubu
100%
Zostérops
50%
Upucerthie
4%
Xénique
4%
Xénoperdrix
4%
Urotangara
0%
Xénodacnis
0%
Xénospingue
0%
Yuhina
0%
Zéna
0%
Aucun quiz correspondant
Distribution des résultats
% des personnes avec chaque résultat
Percentile par nombre de réponses
Votre historique - résultats
Vous n’avez pas pris ce quiz